00980nam a2200205 i 4500001000300000245017100003260004100174300003500215500021600250650003100466650003600497700003900533020001500572040000800587041001300595044000800608080001900616008004100635856009800676bg00aUkłady wtryskowe benzyny.nT. 5,pFord/Weber C.F.I., GM Multec S.P.I., Bosch Mono-Jetronic, Bosch Mono-Motronic /f[tł. z jęz. włos. Anna Tylusińska-Kowalska]. aWarszawa :bWydawnictwo AUTO,c1997. a102 s. :bfot., rys. ;c29 cm. aDla samochodów : Citroën AX, Fiat Tempra, Fiat Tipo, Fiat Uno, Ford Escort, Ford Fiesta, Lancia Dedra, Lancia Y, Opel Astra, Opel Corsa, Opel Kadett, Opel Vectra, Peugeot 205, Peugeot 306, Volksvagen Passat. 9aSamochody osobowexnapęd 9aSilniki spalinowexurządzenia1 aTylusińska-Kowalska, Anna.eTł. a8385243720 cBPK1 apolhita aPOL a629.331:621.43 s pl f |000 0 pol  uhttp://koha.tu.koszalin.pl/cgi-bin/koha/opac-detail.pl?biblionumber=54102yKatalog online BPK